000 00810nam a2200265Ia 4500
003 OSt
005 20220928125839.0
006 a|||||r|||| 00| 0
007 ta
008 220927b |||||||| |||| 00| 0 eng d
020 _c350
024 _a118947
037 _b048, 03/07/2013, Classic Book Service
_cTextual
040 _aSDCL
_cSDCL
_beng
041 _2eng
_aeng
082 _aG:5.2'N, N2
100 _aGadgil Madhav
_9471851
245 0 _aFissured land
_b An ecological history of india.
260 _aNew Delhi
_bOxford University Press
_c1992
300 _axviii;241p
_ccm.
650 _aReference
700 _a Guha Ramachandra
_9395843
942 _hG:5.2'N, N2
_cTEXL
_2CC
999 _c784434
_d784434